| 000 | 01333nam a22002417a 4500 | ||
|---|---|---|---|
| 999 |
_c8738 _d8738 |
||
| 003 | AR-CdUCM | ||
| 008 | 190325b ||||| |||| 00| 0 spa d | ||
| 020 | _a9786124643965 | ||
| 040 |
_aMUNICIPALIDAD PROVINCIAL DEL CUSCO _cBIBLIOTECA MUNICIPAL DEL CUSCO |
||
| 082 |
_a348.611 / _bR91 |
||
| 100 |
_aRubio Zevallos, Isaac _924388 |
||
| 245 |
_aDel régimen laboral de construcción civil, en los gobiernos locales y otras entidades públicas : _bdoctrina, jurisprudencia, análisis de su problemática y propuestas / |
||
| 260 |
_aPerú : _bEscuela de Administración Negocios y Empresa Grupo Cromeo, _c2017. |
||
| 300 |
_a318 páginas ; _c24 cm. |
||
| 505 | _aContenido: Los principios del derecho del trabajo -- El precedente vinculante, la doctrina y la jurisprudencia constitucional, y, las fuentes judiciales del derecho -- El régimen laboral de construcción civil en los gobiernos locales y otras entidades públicas ... | ||
| 650 |
_aConstrucción civil - Perú _924389 |
||
| 650 |
_aTrabajadores de la construcción - aspectos legales _924390 |
||
| 650 |
_aIndustria de la construcción - Aspectos legales _924391 |
||
| 650 |
_aDerecho laboral - Interpretación y aplicación - Perú _924392 |
||
| 710 |
_aEscuela de Administración Negocios y Empresa Grupo Cromeo _924393 |
||
| 942 |
_2ddc _cLIBROS |
||
| 945 | _alccs | ||